LIBRARY ONLINE CATALOGUE

Doing gender in media, art and culture : (Record no. 19765)

MARC details
000 -LEADER
fixed length control field 01118cam a22003618i 4500
001 - CONTROL NUMBER
control field 19655412
003 - CONTROL NUMBER IDENTIFIER
control field OSt
005 - DATE AND TIME OF LATEST TRANSACTION
control field 20221101164947.0
008 - FIXED-LENGTH DATA ELEMENTS--GENERAL INFORMATION
fixed length control field 170522s2017 enk 000 0 eng
010 ## - LIBRARY OF CONGRESS CONTROL NUMBER
LC control number 2017011194
020 ## - INTERNATIONAL STANDARD BOOK NUMBER
International Standard Book Number 1138288256
040 ## - CATALOGING SOURCE
Original cataloging agency DLC
Language of cataloging eng
Description conventions rda
Transcribing agency DLC
042 ## - AUTHENTICATION CODE
Authentication code pcc
050 00 - LIBRARY OF CONGRESS CALL NUMBER
Classification number HQ1397
Item number .D65 2017
245 00 - TITLE STATEMENT
Title Doing gender in media, art and culture :
Remainder of title a comprehensive guide to gender studies /
Statement of responsibility, etc. edited by Rosemarie Buikema, Liedeke Plate and Kathrin Thiele.
260 ## - PUBLICATION, DISTRIBUTION, ETC. (IMPRINT)
Place of publication, distribution, etc. New York,
Name of publisher, distributor, etc. Routledge
Date of publication, distribution, etc. 2017.
263 ## - PROJECTED PUBLICATION DATE
Projected publication date 1709
300 ## - PHYSICAL DESCRIPTION
Extent xii, 306p.
336 ## - CONTENT TYPE
Content type term text
Content type code txt
Source rdacontent
337 ## - MEDIA TYPE
Media type term unmediated
Media type code n
Source rdamedia
338 ## - CARRIER TYPE
Carrier type term volume
Carrier type code nc
Source rdacarrier
500 ## - GENERAL NOTE
General note Earlier edition: 2009.
650 #0 - SUBJECT ADDED ENTRY--TOPICAL TERM
Topical term or geographic name as entry element Feminism.
650 #0 - SUBJECT ADDED ENTRY--TOPICAL TERM
Topical term or geographic name as entry element Mass media.
650 #0 - SUBJECT ADDED ENTRY--TOPICAL TERM
Topical term or geographic name as entry element Art.
650 #0 - SUBJECT ADDED ENTRY--TOPICAL TERM
Topical term or geographic name as entry element Culture.
700 1# - ADDED ENTRY--PERSONAL NAME
Personal name Buikema, Rosemarie,
Relator term editor.
700 1# - ADDED ENTRY--PERSONAL NAME
Personal name Plate, Liedeke,
Relator term editor.
700 1# - ADDED ENTRY--PERSONAL NAME
Personal name Thiele, Kathrin,
Dates associated with a name 1972-
Relator term editor.
906 ## - LOCAL DATA ELEMENT F, LDF (RLIN)
a 7
b cbc
c orignew
d 1
e ecip
f 20
g y-gencatlg
942 ## - ADDED ENTRY ELEMENTS (KOHA)
Source of classification or shelving scheme Library of Congress Classification
Koha item type General Collection
Holdings
Withdrawn status Lost status Source of classification or shelving scheme Not for loan Home library Current library Date acquired Cost, normal purchase price Total Checkouts Full call number Barcode Date last seen Price effective from Koha item type
    Library of Congress Classification   Kabarak, Main Campus Kabarak, Main Campus 01/11/2022 4771.00   HQ1397 .D65 2017 c.1 032341 01/11/2022 01/11/2022 General Collection